Choice emblems, natural, historical, fabulous, moral, and divine, for the improvement and pastime of youth : ornamented with near fifty handsome allegorical engravings, designed on purpose for this work. : With pleasing and familiar descriptions to each, in prose and verse, serving to display the beauties and morals of the ancient fabulists. : The whole calculated to convey the golden lessons of instruction under a new and more delightful dress. : [Four lines of verse from Goldsmith].

Bibliographic Details
Main Author: Wynne, John Huddlestone, 1743-1788
Format: eBook
Language:English
Series:Early American imprints. Evans (1639-1800) ; no. 22854.
Subjects:
Online Access:Evans Digital Edition

MARC

Tag First Indicator Second Indicator Subfields
LEADER 00000cam a2200000 a 4500
001 in00002184621
006 m e d #
007 cr mn mmmmabba
008 840323s1790 paua js 001 0 eng d
005 20260331161612.6
035 |z w025497 
035 |a MAAR8403233706B 
035 |9 mwa91-20540 
035 |a 349576 
035 |a aas03025497 
040 |a MWA  |c MWA  |e bdrb  |d UtOrBLW 
100 1 |a Wynne, John Huddlestone,  |d 1743-1788. 
245 1 0 |a Choice emblems, natural, historical, fabulous, moral, and divine, for the improvement and pastime of youth :  |b ornamented with near fifty handsome allegorical engravings, designed on purpose for this work. : With pleasing and familiar descriptions to each, in prose and verse, serving to display the beauties and morals of the ancient fabulists. : The whole calculated to convey the golden lessons of instruction under a new and more delightful dress. : [Four lines of verse from Goldsmith]. 
264 3 |a Philadelphia :  |b Printed and sold by Joseph Crukshank, in Market near Third-Street,  |c MDCCXC. [1790] 
300 |a xii, 166 pages, 2 unnumbered pages :  |b illustrations ;  |c 13 cm. (18mo) 
336 |a text  |b txt  |2 rdacontent 
337 |a computer  |b c  |2 rdamedia 
338 |a online resource  |b cr  |2 rdacarrier 
500 |a Attributed to John Huddlestone Wynne in the Dictionary of national biography. 
500 |a Dedicated to Lady Elizabeth Kerr. 
510 4 |a Evans  |c 22854 
510 4 |a Welch, d'A.A. Amer. children's books,  |c 1457.1 
530 |a Microform version available in the Readex Early American Imprints series. 
533 |a Electronic text and image data.  |b [Chester, Vt. :  |c Readex, a division of Newsbank, Inc.,  |d 2002-2004.  |e Includes files in TIFF, GIF and PDF formats with inclusion of keyword searchable text.  |f (Early American imprints. First series ; no. 22854). 
500 |a Electronic resource. 
650 0 |a Emblems. 
650 0 |a Youth  |x Conduct of life. 
655 7 |a Juvenile literature  |y 1790.  |2 rbgenr 
700 1 |a Kerr, Elizabeth,  |c Lady,  |e dedicatee. 
752 |a United States  |b Pennsylvania  |d Philadelphia. 
830 0 |a Early American imprints.  |n Series I,  |p Evans (1639-1800) ;  |v no. 22854. 
856 4 1 |u http://proxy.library.tamu.edu/login?url=https://opac.newsbank.com/select/evans/22854  |y Evans Digital Edition  |t 0 
999 |a MARS 
999 f f |s d16c9c84-4380-3b3f-832b-f6baacc76295  |i fc7d570a-a8fa-39c6-9c03-a5b7495d6692  |t 0 
952 f f |a Texas A&M University  |b College Station  |c Electronic Resources  |s www_evans  |d Available Online  |t 0  |h No information provided 
998 f f |t 0  |l Available Online